00702nam a22002051a 450000100060000000300080000600500170001400800410003103500190007204000300009104100080012108200210012910000310015024501000018126000390028130000280032050400510034865100410039965100560044032273BD-RjUL20211209051818.0140424s1967 stk b 001 0 eng d a(BD-RjUL)32362 aLCbengcLCdANLdBD-RjUL aeng04a297.61bBOI 19671 aBosworth, Clifford Edmund.14aThe Islamic dynasties :ba chronological and genealogical handbook /cClifford Edmund Bosworth. aEdinburgh :bUniversity P.,c1967. axviii, 245 p. ;c21 cm. aIncludes bibliographical references and index. 0aIslamic countriesxKings and rulers. 0aIslamic countriesxHistoryxOutlines, syllabi, etc.